000 00487nam a22001817a 4500
003 OSt
005 20140310182341.0
008 130926t xxu||||| |||| 00| 0 eng d
020 _a0835114678
050 _aGR 335
_b.F897 1985
082 _aGS 398.2
_bF91 1985
245 _aFriar sand joins the pilgrims /
260 _aBejing :
_bForeign Langauge Press,
_c1985.
300 _a46 p. :
_bcol. ill. ;
_c26 cm.
650 _aFiction.
_9746
942 _2lcc
_cBK-GS
999 _c12140
_d12140